The Holy Spirit / (Registro nro. 9499)

Detalles MARC
000 -LEADER
campo de control de longitud fija 04190cam a22005894i 4500
003 - IDENTIFICADOR DE NÚMERO DE CONTROL
campo de control PE-LiUPU
005 - FECHA Y HORA DE LA ÚLTIMA TRANSACCIÓN
campo de control 20250731172840.0
008 - DATOS DE LONGITUD FIJA--INFORMACIÓN GENERAL
campo de control de longitud fija 160524s2015 miu r 001 0 eng d
020 ## - NÚMERO INTERNACIONAL ESTÁNDAR DEL LIBRO
Número Internacional Estándar del Libro 0310491703
Información calificativa paperback
020 ## - NÚMERO INTERNACIONAL ESTÁNDAR DEL LIBRO
Número Internacional Estándar del Libro 9780310491705
Información calificativa paperback
035 ## - NÚMERO DE CONTROL DEL SISTEMA
Número de control de sistema (Sirsi) i9780310491705
040 ## - FUENTE DE CATALOGACIÓN
Centro catalogador/agencia de origen DLC
Normas de descripción rda
Lengua de catalogación spa
Centro/agencia transcriptor DLC
Centro/agencia modificador YDX
-- BTCTA
-- BDX
-- OCLCF
-- YDXCP
-- WIO
-- DTM
-- OCLCO
-- LNT
-- OCLCO
-- PE-LiUPU
049 ## - FONDOS LOCALES (OCLC)
Biblioteca depositaria PRUA
050 00 - SIGNATURA TOPOGRÁFICA DE LA BIBLIOTECA DEL CONGRESO
Número de clasificación BT119
Número de ítem .H64 2015
082 00 - NÚMERO DE LA CLASIFICACIÓN DECIMAL DEWEY
Número de clasificación 231.3
Cutter H71
Número de edición 23
100 1# - ENTRADA PRINCIPAL--NOMBRE DE PERSONA
Nombre de persona Holmes, Christopher R. J.,
Fechas asociadas al nombre 1974- ,
Término indicativo de función/relación autor.
245 14 - MENCIÓN DEL TÍTULO
Título The Holy Spirit /
Mención de responsabilidad, etc. Christopher R.J. Holmes ; Michael Allen, and Scott R. Swain, general editors.
264 #1 - PRODUCCIÓN, PUBLICACIÓN, DISTRIBUCIÓN, FABRICACIÓN Y COPYRIGHT
Producción, publicación, distribución, fabricación y copyright Grand Rapids, Michigan :
Nombre del de productor, editor, distribuidor, fabricante Zondervan,
Fecha de producción, publicación, distribución, fabricación o copyright 2015.
300 ## - DESCRIPCIÓN FÍSICA
Extensión 218 páginas ;
Dimensiones 23 entímetros.
336 ## - TIPO DE CONTENIDO
Término de tipo de contenido text
Fuente rdacontent
337 ## - TIPO DE MEDIO
Nombre/término del tipo de medio unmediated
Fuente rdamedia
338 ## - TIPO DE SOPORTE
Nombre/término del tipo de soporte volume
Fuente rdacarrier
490 0# - MENCIÓN DE SERIE
Mención de serie New studies in dogmatics
504 ## - NOTA DE BIBLIOGRAFÍA, ETC.
Nota de bibliografía, etc. Índice : páginas 215-219.
505 0# - NOTA DE CONTENIDO CON FORMATO
Nota de contenido con formato 1. Introduction : On learning the Holy Spirit -- Excursus 1. An alternative approach to the Holy Spirit in contemporary theological discourse -- Part 1. Engaging Augustine: the divinity of the Holy Spirit : -- 2. The Spirit and the new birth -- 3. "Heavenly things" -- Part 2. Engaging Thomas: the hypostatic subsistence of the Holy Spirit : -- 4. "Rivers of living water" -- 5. The kingship of Jesus and the Spirit -- Excursus 2. Spirit Christology -- Part 3. Engaging Barth: the other-directed Spirit : -- 6. The redemptive Spirit -- 7. The Spirit of Christ -- Part 4. Correlates: regeneration, church, and tradition : -- 8. Regenerated sight -- 9. Church and tradition -- 10. On theological vision
520 ## - RESUMEN, ETC.
Sumario, etc. Who is the Holy Spirit and how does the Spirit come to be in relation to the Father and the Son? What is the mission of the Spirit and where does it come from? Chris Holmes takes up the questions surrounding the Spirit's procession and mission with the help of three of the church's greatest teachers -- Augustine, Thomas Aquinas, and Karl Barth. Drawing on their engagements with the Fourth Gospel, Holmes presents an account of the Spirit's identity, origin, and acts, to show how the acts of the Spirit derive from the Spirit's life in relation to Father and Son -- and the extent to which the Spirit's mission testifies to the Spirit's origin. Holmes presents a way forward for pneumatology. Housed within the doctrine of the Trinity, pneumatology's joyful task is to describe the Spirit's acts among us in light of their source in the Spirit's acts in God. The end of this inquiry is our beatitude -- knowledge of the Trinity that yields to love of the Trinity.
526 ## - NOTA DE INFORMACIÓN SOBRE EL PROGRAMA DE ESTUDIO
Nombre del programa Segunda Especialidad En Profecías Bíblicas
526 ## - NOTA DE INFORMACIÓN SOBRE EL PROGRAMA DE ESTUDIO
Nombre del programa Segunda Especialidad En Nuevo Testamento
526 ## - NOTA DE INFORMACIÓN SOBRE EL PROGRAMA DE ESTUDIO
Nombre del programa Segunda Especialidad En Antiguo Testamento
526 ## - NOTA DE INFORMACIÓN SOBRE EL PROGRAMA DE ESTUDIO
Nombre del programa Segunda Especialidad En Estudios Adventistas
526 ## - NOTA DE INFORMACIÓN SOBRE EL PROGRAMA DE ESTUDIO
Nombre del programa Doctorado en teología
526 ## - NOTA DE INFORMACIÓN SOBRE EL PROGRAMA DE ESTUDIO
Nombre del programa Maestría en teología histórica
526 ## - NOTA DE INFORMACIÓN SOBRE EL PROGRAMA DE ESTUDIO
Nombre del programa Maestría en teología bíblica
526 ## - NOTA DE INFORMACIÓN SOBRE EL PROGRAMA DE ESTUDIO
Nombre del programa Maestría en teología
526 ## - NOTA DE INFORMACIÓN SOBRE EL PROGRAMA DE ESTUDIO
Nombre del programa Maestría en misionología
526 ## - NOTA DE INFORMACIÓN SOBRE EL PROGRAMA DE ESTUDIO
Nombre del programa Maestría en liderazgo eclesiástico
526 ## - NOTA DE INFORMACIÓN SOBRE EL PROGRAMA DE ESTUDIO
Nombre del programa Teología
596 ## -
-- 1
650 #7 - PUNTO DE ACCESO ADICIONAL DE MATERIA--TÉRMINO DE MATERIA
Término de materia o nombre geográfico como elemento de entrada Espíritu Santo
Subdivisión general Historia de las doctrinas.
Fuente del encabezamiento o término embne
910 ## - DATOS DE OPCIÓN DEL USUARIO (OCLC)
Datos de opción del usuario jck
-- jck
-- jck
-- 20160525
942 ## - ELEMENTOS DE ENTRADA SECUNDARIOS (KOHA)
Fuente del sistema de clasificación o colocación Clasificación Decimal Dewey
Tipo de ítem Koha
949 ## - PROCESAMIENTO DE INFORMACIÓN LOCAL (OCLC)
a 231.3 H71
w DEWEY
c 1
i 73103
l CCODEBUL1
m BUL
p 12.50
r 0
s Y
t BOOK
u 2016-5-25
x TEOLOGIA
-- P85
0 COMPRA
o .STAFF. Posgrado
949 ## - PROCESAMIENTO DE INFORMACIÓN LOCAL (OCLC)
a 231.3 H71
w DEWEY
c 2
i 73433
l CCODEBUL1
m BUL
r 0
s Y
t BOOK
u 2016-6-16
x TEOLOGIA
-- P35
0 COMPRA
o .STAFF. Colección General
949 ## - PROCESAMIENTO DE INFORMACIÓN LOCAL (OCLC)
a 231.3 H71
w DEWEY
c 3
i 74934
l CATALOGING
m BUL
r 0
s Y
t BOOK
u 2016-12-29
x POSGRADO
-- P85
0 COMPRA
o .STAFF. Colección TEOLOGIA
994 ## -
-- C0
-- PEPRU
999 ## - NÚMEROS DE CONTROL DE SISTEMA (KOHA)
-- DEWEY
-- 73103
-- 2021-11-9
-- 6
-- CCODEBUL1
-- BUL
-- 12.50
-- 0
-- Y
-- BOOK
-- 2016-5-25
-- TEOLOGIA
-- P85
-- COMPRA
-- .STAFF. Posgrado
999 ## - NÚMEROS DE CONTROL DE SISTEMA (KOHA)
-- DEWEY
-- 73433
-- 2021-11-9
-- 6
-- CCODEBUL1
-- BUL
-- 1
-- 0
-- Y
-- BOOK
-- 2016-6-16
-- TEOLOGIA
-- P35
-- COMPRA
-- .STAFF. Colección General
999 ## - NÚMEROS DE CONTROL DE SISTEMA (KOHA)
-- DEWEY
-- 74934
-- 2019-4-12
-- 2021-11-9
-- 6
-- CCODEBUL1
-- BUL
-- 3
-- 3
-- 0
-- Y
-- BOOK
-- 2016-12-29
-- TEOLOGIA
-- P85
-- COMPRA
-- .STAFF. Colección TEOLOGIA
980 ## - EQUIVALENCIA O REFERENCIA-CRUZADA-MENCIÓN DE SERIE--NOMBRE DE PERSONA/TÍTULO [LOCAL, CANADÁ]
ID del último usuario que modificó el registro 1
Nombre del último usuario que modificó el registro ALBERTO SANCHEZ Responsable de Automatización
Existencias
Visto por última vez Número de inventario Total de préstamos Signatura topográfica completa Código de barras Fecha del último préstamo Copia número Coste, precio de reemplazo Fecha de reemplazo Facultad Tipo de ítem Koha Nota pública Estado de pérdida Fuente del sistema de clasificación o colocación Restricciones de uso No para préstamo Colección Programa académico Biblioteca de origen Biblioteca actual Ubicación en estantería Fecha de adquisición Fuente de adquisición Coste, precio normal de compra
2025-12-03 7 3 231.3 H71 73103 2019-04-12 e1 17.50 2016-05-25   Libros físicos inventario-2023-12-13 No Perdido Clasificación Decimal Dewey No restringido Disponible para préstamos Colección General Maestría en teología Biblioteca CRAI UPeU Lima Biblioteca CRAI UPeU Lima Sala principal 2016-05-25 COMPRA 12.50
2025-12-03 7   231.3 H71 73433   e2   2016-06-16   Libros físicos inventario-2023-12-13 No Perdido Clasificación Decimal Dewey No restringido Disponible para préstamos Colección General Maestría en teología Biblioteca CRAI UPeU Lima Biblioteca CRAI UPeU Lima Sala principal 2016-06-16 COMPRA  
2025-12-03 7   231.3 H71 74934   e3   2016-12-29   Libros físicos inventario-2023-12-13 No Perdido Clasificación Decimal Dewey No restringido Disponible para préstamos Colección General Maestría en teología Biblioteca CRAI UPeU Lima Biblioteca CRAI UPeU Lima Sala principal 2016-12-29 COMPRA